000 00910nas a2200289 4500
001 BR2013010125
003 BR-BrBNA
005 20231205123406.0
007 ta
008 230509b bl.|||p| |||| 00| 00por d
040 _aBR-BrBNA
_bpor
_cBiblioteca Nacional de Agricultura
041 _a(Pt)
072 _aQ03
100 1 _aBrizio, A.P.D.R.
100 1 _aIsolan, L.W.
100 1 _aSalles, B.
100 1 _aPrentice, C.
245 1 _aCorrelação entre contaminação gastrointestinal e presençaq de Salmonella spp. em carcaças de frango industrializados no Rio Grande do Sul
650 _aCARNE
650 _aCARCAÇA
650 _aCONTAMINAÇÃO
650 _aSALNOMELLA
650 _aSEGURANÇA ALIMENTAR
773 0 _tRevista de Agricultura (Brazil)
_xISSN 0034-7655
_g(Jun 2013), v. 88(1) p. 12-17
_wBR2013010125
909 _a202311
_bLúcia
_c55
_dLúcia Elande
942 _2AGRIS
_n0
_cANA
999 _c233651
_d233651